00622nam a2200181Ia 4500952015700000999001500157003000400172005001700176008004100193040000900234082002000243100002300263245004000286250001200326260004700338300000900385942004600394 00102ddc40708MANAGEMENTaMESbMEScMANAGEMENTd2019-02-20g175.00l1o658.4012 RAO/Sp33074r2022-07-12 00:00:00s2022-07-07w2019-02-20yBKzGL55R2 c7316d7316OSt20200127104937.0190216s9999||||xx |||||||||||||| ||und|| coclc a658.4012bRAO/S aRao, P Subba 9797 0aStrategic Management /cP Subba Rao a1st ed. bHimalaya Publishing House,aMumbai:c2008. a375p cBK2ddch658.4012iRAO/Sk658.4012mRAO/S